Konzepte für Demokratie und Toleranz

Guardado en:  
Detalles Bibliográficos
Tipo de documento: Print Colección / Revista
Lenguaje:Alemán
Publicado: Braunschweig Arbeitsstelle Rechtsextremismus und Gewalt 20XX-
En:Año: 2009
Verificar disponibilidad: HBZ Gateway
Volúmenes / Artículos:Mostrar volumes / artículos.
Palabras clave:

MARC

LEADER 00000cas a2200000 c 4500
001 1395802173
003 DE-627
005 20220529100235.0
007 tu
008 100709c20uuuuuuxx uu m| 0 |0ger c
035 |a (DE-627)1395802173 
035 |a (DE-576)325802173 
035 |a (DE-599)BSZ325802173 
035 |a (OCoLC)699892065 
040 |a DE-627  |b ger  |c DE-627  |e rakwb 
041 |a ger 
190 |j 2009 
245 0 0 |a Konzepte für Demokratie und Toleranz 
264 3 1 |a Braunschweig  |b Arbeitsstelle Rechtsextremismus und Gewalt  |c 20XX- 
336 |a Text  |b txt  |2 rdacontent 
337 |a ohne Hilfsmittel zu benutzen  |b n  |2 rdamedia 
338 |a Band  |b nc  |2 rdacarrier 
655 7 |a Monografische Reihe  |0 (DE-588)4179998-7  |0 (DE-627)104628669  |0 (DE-576)209995106  |2 gnd-content 
889 |w (DE-627)1768449309 
951 |a ST 
ELC |b 1 
ORI |a SA-MARC-krimdokb001.raw 
SPR |a 1  |t KRI